[Event "Anna IRT op"]
[Site "Anna"]
[Date "2015.04.10"]
[Round "6"]
[White "Smolyaninov, Sergej"]
[Black "Shumsky, Vladimir"]
[Result "1/2-1/2"]
[WhiteElo "1824"]
[BlackElo "1867"]
[PlyCount "88"]
[EventDate "2015.04.09"]
[EventType "swiss"]
[EventRounds "9"]
[EventCountry "RUS"]
[SourceTitle "EXT 2022"]
[Source "ChessBase"]
[SourceDate "2021.10.06"]
[SourceVersion "1"]
[SourceVersionDate "2021.10.06"]
[SourceQuality "1"]

1. Nf3 Nf6 2. g3 g6 3. Bg2 Bg7 4. 0-0 0-0 5. d4 d5 6. c4 e6 7. b3 c6 8. Bb2 Nbd7 9. Nbd2 Ne4 10. e3 Re8 11. Qe2 f5 12. Rfd1 Qe7 13. Ne5 Nxe5 14. dxe5 Qc7 15. Nf3 g5 16. h3 h5 17. g4 fxg4 18. hxg4 h4 19. Rac1 Qf7 20. Nd2 Nxd2 21. Qxd2 Qg6 22. Qe2 Qf7 23. Bh3 Rf8 24. Rf1 Qf3 25. Qxf3 Rxf3 26. Kg2 Rf7 27. f4 Bh6 28. f5 Bd7 29. cxd5 cxd5 30. Rc7 Bb5 31. Rfc1 Bc6 32. Rxf7 Kxf7 33. Bd4 a6 34. Kf3 Bf8 35. Bc5 Rc8 36. Kf2 Bxc5 37. Rxc5 Ke7 38. Ke1 Bd7 39. Rxc8 Bxc8 40. Kd2 Bd7 41. Kc3 b6 42. Kd4 Bb5 43. f6+ Kf7 44. a4 Be2 1/2-1/2

[Event "Anna IRT op"]
[Site "Anna"]
[Date "2015.04.09"]
[Round "2"]
[White "Bakhtin, Aleksandr"]
[Black "Smolyaninov, Sergej"]
[Result "1-0"]
[WhiteElo "1769"]
[BlackElo "1824"]
[PlyCount "69"]
[EventDate "2015.04.09"]
[EventType "swiss"]
[EventRounds "9"]
[EventCountry "RUS"]
[SourceTitle "EXT 2022"]
[Source "ChessBase"]
[SourceDate "2021.10.06"]
[SourceVersion "1"]
[SourceVersionDate "2021.10.06"]
[SourceQuality "1"]

1. e4 c5 2. Nf3 d6 3. d4 cxd4 4. Nxd4 Nf6 5. Nc3 g6 6. Bc4 Bg7 7. Bb3 Nc6 8. Be3 0-0 9. Qd2 Ng4 10. Nxc6 bxc6 11. Bg5 Qc7 12. f3 Ne5 13. f4 Ng4 14. h3 Nf6 15. 0-0-0 Be6 16. g4 Bxb3 17. cxb3 Rfb8 18. Bxf6 Bxf6 19. g5 Bg7 20. h4 Qa5 21. Kb1 Qb4 22. Rhe1 a5 23. h5 a4 24. Nxa4 Rxa4 25. bxa4 Qxb2+ 26. Qxb2 Rxb2+ 27. Kc1 Rxa2 28. e5 gxh5 29. exd6 exd6 30. Re8+ Bf8 31. Rxd6 Kg7 32. Rdd8 Ba3+ 33. Kb1 Rb2+ 34. Ka1 Kg6 35. Rd3 1-0

[Event "Tambov Korensky Memorial 23rd"]
[Site "Tambov"]
[Date "2014.08.29"]
[Round "7"]
[White "Smolyaninov, Sergej"]
[Black "Bakhteev, Bakhtiyar"]
[Result "1-0"]
[WhiteElo "1807"]
[BlackElo "1758"]
[PlyCount "61"]
[EventDate "2014.08.23"]
[EventType "swiss"]
[EventRounds "9"]
[EventCountry "RUS"]
[SourceTitle "EXT 2015"]
[Source "ChessBase"]
[SourceDate "2014.11.20"]
[SourceVersion "1"]
[SourceVersionDate "2014.11.20"]
[SourceQuality "1"]

1. Nf3 d5 2. g3 Nf6 3. Bg2 c6 4. 0-0 e6 5. d4 c5 6. c4 dxc4 7. Qa4+ Nc6 8. Ne5 Nd5 9. dxc5 Bxc5 10. Nxc6 Qd7 11. Qxc4 Qxc6 12. Qg4 Rg8 13. Nc3 Bd7 14. Qh4 h6 15. Bd2 b6 16. Rac1 Qb7 17. Ne4 Be7 18. Qh5 Bc6 19. Rc2 Rc8 20. Rfc1 Rf8 21. Qe5 f6 22. Qxe6 Qd7 23. Rxc6 Qxe6 24. Rxe6 Rxc1+ 25. Bxc1 Kd7 26. Nc5+ Bxc5 27. Bxd5 Rc8 28. Bd2 Bd4 29. Re4 Be5 30. Bc3 Bxc3 31. Be6+ 1-0

[Event "Tambov Korensky Memorial 23rd"]
[Site "Tambov"]
[Date "2014.08.27"]
[Round "5"]
[White "Larin, Vladimir P"]
[Black "Smolyaninov, Sergej"]
[Result "1-0"]
[WhiteElo "2137"]
[BlackElo "1807"]
[PlyCount "51"]
[EventDate "2014.08.23"]
[EventType "swiss"]
[EventRounds "9"]
[EventCountry "RUS"]
[SourceTitle "EXT 2015"]
[Source "ChessBase"]
[SourceDate "2014.11.20"]
[SourceVersion "1"]
[SourceVersionDate "2014.11.20"]
[SourceQuality "1"]

1. e4 c5 2. Nc3 Nc6 3. f4 d6 4. Nf3 g6 5. Bc4 Bg7 6. 0-0 e6 7. d3 Nge7 8. Qe1 Nd4 9. Nxd4 Bxd4+ 10. Be3 Bd7 11. Bxd4 cxd4 12. Ne2 Nc6 13. Bb3 Qf6 14. Ng3 h5 15. e5 Qe7 16. Ne4 dxe5 17. fxe5 0-0 18. Nf6+ Kh8 19. Qd2 Kg7 20. Qg5 Rh8 21. Rf3 Rac8 22. Raf1 Be8 23. Rh3 Kf8 24. g4 Nxe5 25. Qxe5 Rc5 26. Nd7+ 1-0

[Event "Anna Akulov Memorial op"]
[Site "Anna"]
[Date "2012.10.13"]
[Round "4"]
[White "Guskov, Ivan"]
[Black "Smolyaninov, Sergej"]
[Result "1/2-1/2"]
[WhiteElo "1739"]
[BlackElo "1937"]
[PlyCount "53"]
[EventDate "2012.10.12"]
[EventType "swiss"]
[EventRounds "9"]
[EventCountry "RUS"]
[SourceTitle "EXT 2013"]
[Source "ChessBase"]
[SourceDate "2012.11.22"]
[SourceVersion "1"]
[SourceVersionDate "2012.11.22"]
[SourceQuality "1"]

1. e4 c5 2. Nf3 Nc6 3. d4 cxd4 4. Nxd4 Nf6 5. Nc3 e5 6. Ndb5 d6 7. Bg5 a6 8. Na3 b5 9. Nd5 Be7 10. Bxf6 Bxf6 11. c4 b4 12. Nc2 0-0 13. g3 a5 14. Bg2 Bg5 15. 0-0 Be6 16. Qd3 Bxd5 17. cxd5 Nb8 18. a3 Na6 19. axb4 Nxb4 20. Nxb4 axb4 21. h4 Bh6 22. Bh3 Qb6 23. Bd7 b3 24. Bc6 Ra2 25. Rxa2 bxa2 26. Qa3 Rb8 27. Qxa2 1/2-1/2

[Event "Voronezh Autumn IRT"]
[Site "Voronezh"]
[Date "2012.10.06"]
[Round "5.6"]
[White "Polyansky, Viktor"]
[Black "Smolyaninov, Sergej"]
[Result "0-1"]
[WhiteElo "1977"]
[BlackElo "1937"]
[PlyCount "54"]
[EventDate "2012.10.02"]
[EventType "swiss"]
[EventRounds "9"]
[EventCountry "RUS"]
[SourceTitle "EXT 2022"]
[Source "ChessBase"]
[SourceDate "2021.10.06"]
[SourceVersion "1"]
[SourceVersionDate "2021.10.06"]
[SourceQuality "1"]

1. e4 c5 2. Nf3 d6 3. Nc3 Nf6 4. d4 cxd4 5. Nxd4 g6 6. Be3 Bg7 7. f3 0-0 8. Bc4 Nc6 9. Qd2 Bd7 10. 0-0-0 Rc8 11. Bb3 Ne5 12. h4 h5 13. Bh6 Qa5 14. Bxg7 Kxg7 15. Nde2 Nc4 16. Bxc4 Rxc4 17. Kb1 Rfc8 18. Nc1 b5 19. Nd5 Qxd2 20. Rxd2 Nxd5 21. exd5 Bf5 22. Ne2 Rxc2 23. Rxc2 Rxc2 24. g4 hxg4 25. fxg4 Be4 26. Ng3 Rh2+ 27. Nxe4 Rxh1+ 0-1

[Event "Voronezh Autumn IRT"]
[Site "Voronezh"]
[Date "2012.10.06"]
[Round "6.3"]
[White "Smolyaninov, Sergej"]
[Black "Chaban, Alexander"]
[Result "0-1"]
[WhiteElo "1937"]
[BlackElo "2077"]
[PlyCount "54"]
[EventDate "2012.10.02"]
[EventType "swiss"]
[EventRounds "9"]
[EventCountry "RUS"]
[SourceTitle "EXT 2022"]
[Source "ChessBase"]
[SourceDate "2021.10.06"]
[SourceVersion "1"]
[SourceVersionDate "2021.10.06"]
[SourceQuality "1"]

1. Nf3 Nf6 2. g3 d5 3. Bg2 g6 4. 0-0 Bg7 5. d3 0-0 6. Nbd2 c5 7. e4 Nc6 8. Re1 e5 9. exd5 Nxd5 10. Nc4 Re8 11. c3 Bf5 12. a4 Nb6 13. Nxb6 axb6 14. Bf1 Qd6 15. Be3 Rad8 16. Ng5 Bxd3 17. Qb3 c4 18. Qxb6 e4 19. Bg2 h6 20. Bf4 Qd5 21. Nh3 g5 22. Bd2 Ne5 23. Qb5 Qxb5 24. axb5 Nf3+ 25. Bxf3 exf3 26. Ra7 Rxe1+ 27. Bxe1 Bf5 0-1

[Event "Voronezh Autumn IRT"]
[Site "Voronezh"]
[Date "2012.10.05"]
[Round "4.9"]
[White "Smolyaninov, Sergej"]
[Black "Loskutova, Anastasia"]
[Result "1-0"]
[WhiteElo "1937"]
[BlackElo "1732"]
[PlyCount "121"]
[EventDate "2012.10.02"]
[EventType "swiss"]
[EventRounds "9"]
[EventCountry "RUS"]
[SourceTitle "EXT 2022"]
[Source "ChessBase"]
[SourceDate "2021.10.06"]
[SourceVersion "1"]
[SourceVersionDate "2021.10.06"]
[SourceQuality "1"]

1. Nf3 e6 2. g3 b6 3. Bg2 Bb7 4. 0-0 Nf6 5. d3 Be7 6. e4 0-0 7. Nbd2 c5 8. Re1 Nc6 9. Nf1 d5 10. e5 Ne8 11. h4 g6 12. Bf4 Ng7 13. N1h2 h5 14. Bh3 Nf5 15. Ng5 d4 16. Bxf5 exf5 17. e6 Bxg5 18. hxg5 Qd5 19. exf7+ Rxf7 20. f3 b5 21. Re2 c4 22. Qe1 Kg7 23. Re6 Rd8 24. Qe2 Bc8 25. Re8 Rxe8 26. Qxe8 Bd7 27. Qe2 Re7 28. Qd2 Qe6 29. Kf2 Kf7 30. a3 a6 31. Re1 Qxe1+ 32. Qxe1 Rxe1 33. Kxe1 cxd3 34. cxd3 Ke6 35. Ke2 Ne7 36. Nf1 Nd5 37. Bb8 f4 38. gxf4 h4 39. Be5 Kf5 40. Bxd4 Nxf4+ 41. Ke3 Nd5+ 42. Kf2 Kxg5 43. Be5 Nf4 44. Ke3 Ng2+ 45. Kf2 h3 46. Kg3 Ne1 47. d4 Nd3 48. b4 Be6 49. Ne3 Nxe5 50. f4+ Kf6 51. fxe5+ Ke7 52. d5 Bc8 53. e6 Kd6 54. Kxh3 Ke5 55. Kg3 Ke4 56. Ng4 Kf5 57. Nh6+ Ke5 58. Ng8 Kd6 59. Kf4 Bb7 60. e7 Kd7 61. d6 1-0

[Event "Voronezh Autumn IRT"]
[Site "Voronezh"]
[Date "2012.10.03"]
[Round "2.11"]
[White "Smolyaninov, Sergej"]
[Black "Timchenko, Alexandr"]
[Result "1-0"]
[WhiteElo "1937"]
[BlackElo "1703"]
[PlyCount "63"]
[EventDate "2012.10.02"]
[EventType "swiss"]
[EventRounds "9"]
[EventCountry "RUS"]
[SourceTitle "EXT 2022"]
[Source "ChessBase"]
[SourceDate "2021.10.06"]
[SourceVersion "1"]
[SourceVersionDate "2021.10.06"]
[SourceQuality "1"]

1. Nf3 Nf6 2. g3 e6 3. Bg2 Be7 4. 0-0 0-0 5. d3 h6 6. e4 d6 7. Nc3 c6 8. Qe2 Nbd7 9. Kh1 Qc7 10. Nh4 d5 11. f4 d4 12. Nd1 b6 13. Nf2 Bb7 14. Bd2 Rab8 15. Rae1 c5 16. f5 Nh7 17. fxe6 fxe6 18. Ng6 Rf7 19. Qg4 Ng5 20. h4 Nf6 21. Qe2 Ngh7 22. Bf4 Bd6 23. e5 Bxg2+ 24. Kxg2 Nd5 25. exd6 Nxf4+ 26. Nxf4 Qxd6 27. Qxe6 Qc7 28. Ng4 Nf8 29. Qe4 Rd8 30. Ne6 Nxe6 31. Qxe6 Rdf8 32. Ne5 1-0

[Event "Borisoglebsk-ch"]
[Site "Borisoglebsk"]
[Date "2012.06.23"]
[Round "2"]
[White "Smolyaninov, Sergej"]
[Black "Surov, Sergey"]
[Result "0-1"]
[WhiteElo "1912"]
[BlackElo "2279"]
[PlyCount "45"]
[EventDate "2012.06.22"]
[EventType "swiss"]
[EventRounds "7"]
[EventCountry "RUS"]
[SourceTitle "EXT 2013"]
[Source "ChessBase"]
[SourceDate "2012.11.22"]
[SourceVersion "1"]
[SourceVersionDate "2012.11.22"]
[SourceQuality "1"]

1. Nf3 d5 2. g3 f5 3. Bg2 Nf6 4. d3 e6 5. 0-0 Bd6 6. Nfd2 0-0 7. Re1 c6 8. e4 Be7 9. e5 Ne8 10. Nf1 Bd7 11. h4 h6 12. h5 Nc7 13. Bf4 Be8 14. Qd2 Bxh5 15. b4 Nd7 16. Nc3 g5 17. Be3 Nxe5 18. f4 Nd7 19. Bf3 Qe8 20. Qe2 Qg6 21. Bd2 Bf6 22. Be3 Rae8 23. Bd2 0-1

[Event "Lipetsk Summer op"]
[Site "Lipetsk"]
[Date "2010.07.14"]
[Round "5"]
[White "Smolyaninov, Sergej"]
[Black "Kasantsev, Anatolij B"]
[Result "0-1"]
[WhiteElo "1980"]
[BlackElo "2081"]
[PlyCount "104"]
[EventDate "2010.07.10"]
[EventType "swiss"]
[EventRounds "9"]
[EventCountry "RUS"]
[SourceTitle "EXT 2022"]
[Source "ChessBase"]
[SourceDate "2021.10.06"]
[SourceVersion "1"]
[SourceVersionDate "2021.10.06"]
[SourceQuality "1"]

1. Nf3 c5 2. g3 Nc6 3. Bg2 g6 4. d4 cxd4 5. Nxd4 Bg7 6. Nb3 Nf6 7. c4 0-0 8. 0-0 d6 9. Nc3 a5 10. Nd4 Nxd4 11. Qxd4 Ng4 12. Qd2 a4 13. Rb1 Bf5 14. e4 Bd7 15. b3 axb3 16. axb3 Ne5 17. Bb2 Bh3 18. Ra1 Bxg2 19. Kxg2 Rxa1 20. Rxa1 Qb6 21. Nb5 Qc6 22. Qd5 Nd7 23. Bxg7 Kxg7 24. Qxc6 bxc6 25. Nd4 Nc5 26. b4 Nxe4 27. Nxc6 Kf6 28. Ra7 Nd2 29. Rxe7 Nxc4 30. Re4 d5 31. Rd4 Ke6 32. b5 Kd6 33. Kf3 Kc5 34. Kf4 Re8 35. Rd1 Kxb5 36. Nd4+ Kc5 37. f3 h6 38. h4 Ne3 39. Rd2 Kc4 40. Nc6 Kc3 41. Ra2 d4 42. Ra3+ Kc4 43. Ne5+ Kb4 44. Ra7 g5+ 45. hxg5 hxg5+ 46. Ke4 f6 47. Kxd4 Nf5+ 48. Kd3 Rxe5 49. f4 Re3+ 50. Kd2 Rxg3 51. fxg5 fxg5 52. Rc7 g4 0-1

[Event "Lipetsk Summer op"]
[Site "Lipetsk"]
[Date "2010.07.11"]
[Round "2"]
[White "Smolyaninov, Sergej"]
[Black "Grigorjev, Iljya"]
[Result "1-0"]
[WhiteElo "1980"]
[BlackElo "1842"]
[PlyCount "105"]
[EventDate "2010.07.10"]
[EventType "swiss"]
[EventRounds "9"]
[EventCountry "RUS"]
[SourceTitle "EXT 2022"]
[Source "ChessBase"]
[SourceDate "2021.10.06"]
[SourceVersion "1"]
[SourceVersionDate "2021.10.06"]
[SourceQuality "1"]

1. Nf3 d5 2. g3 Nf6 3. Bg2 e6 4. 0-0 Be7 5. d4 0-0 6. c4 dxc4 7. a4 Bd7 8. Qc2 Nc6 9. Qxc4 Re8 10. Nc3 Na5 11. Qa2 Bb4 12. Bg5 Bxc3 13. bxc3 h6 14. Bxf6 Qxf6 15. Ne5 Qe7 16. Rab1 Rab8 17. Nxd7 Qxd7 18. Rb5 Nc6 19. Rfb1 b6 20. Qc4 Na5 21. Qd3 Qe7 22. c4 Rbd8 23. e3 c5 24. d5 e5 25. e4 Rd6 26. Qe2 Qd7 27. f4 f6 28. Bf3 Re7 29. Bg4 Qe8 30. f5 Rc7 31. Bh5 Qe7 32. Bg6 Rb7 33. g4 Qd7 34. Ra1 Qe7 35. h4 Rbd7 36. Ra3 Nc6 37. Rb2 Nd8 38. Rg3 Nf7 39. g5 fxg5 40. Qg4 Nh8 41. hxg5 Nxg6 42. gxh6 Nf4 43. Rh2 Qf8 44. Qh4 Qf6 45. Rg5 Rf7 46. Kf1 Rfd7 47. Rh1 Ne6 48. hxg7 Qxg5 49. Qh8+ Kf7 50. fxe6+ Rxe6 51. Qf8+ Kg6 52. g8Q+ Rg7 53. Qgxg7# 1-0

[Event "Lipetsk Region-ch sf"]
[Site "Lipetsk"]
[Date "2009.10.03"]
[Round "5"]
[White "Smolyaninov, Sergej"]
[Black "Lomovskih, Alexey"]
[Result "1/2-1/2"]
[WhiteElo "2006"]
[BlackElo "1833"]
[PlyCount "154"]
[EventDate "2009.09.25"]
[EventType "swiss"]
[EventRounds "8"]
[EventCountry "RUS"]
[SourceTitle "EXT 2022"]
[Source "ChessBase"]
[SourceDate "2021.10.06"]
[SourceVersion "1"]
[SourceVersionDate "2021.10.06"]
[SourceQuality "1"]

1. Nf3 d5 2. g3 Nf6 3. Bg2 Bf5 4. 0-0 e6 5. d4 c5 6. c4 Nc6 7. cxd5 Nxd5 8. Nc3 Nxc3 9. bxc3 Be7 10. Qb3 Qb6 11. Be3 Qxb3 12. axb3 Bf6 13. Rfc1 cxd4 14. Nxd4 Nxd4 15. Bxd4 e5 16. Bc5 e4 17. f3 Rc8 18. Bd4 Bxd4+ 19. cxd4 Rxc1+ 20. Rxc1 exf3 21. Bxf3 Kd7 22. Bxb7 Rb8 23. Bc6+ Kd6 24. e4 Be6 25. e5+ Ke7 26. d5 Bd7 27. Bxd7 Kxd7 28. Rc3 Rb5 29. Rd3 Rb4 30. Kf2 Re4 31. Re3 Rd4 32. d6 Ke6 33. Kf3 a5 34. Ke2 a4 35. bxa4 Rxa4 36. Rd3 Ra8 37. Ke3 Kxe5 38. d7 Rd8 39. Rd4 Ke6 40. Rg4 g6 41. Re4+ Kxd7 42. Kf4 f6 43. g4 Ra8 44. g5 f5 45. Rb4 Rc8 46. Ke5 Rc6 47. h4 Re6+ 48. Kd5 Rd6+ 49. Ke5 Ke7 50. h5 Rd7 51. hxg6 hxg6 52. Rb6 Kf7 53. Ra6 Re7+ 54. Kd5 Kg7 55. Ra4 Rf7 56. Ke5 Rb7 57. Kf4 Re7 58. Rb4 Kf7 59. Ra4 Re6 60. Ra7+ Kf8 61. Ra4 Ke7 62. Rd4 Re4+ 63. Rxe4+ fxe4 64. Kxe4 Ke6 65. Kf4 Kd5 66. Kg4 Ke4 67. Kh4 Kf5 68. Kh3 Kf4 69. Kh4 Kf5 70. Kh3 Kxg5 71. Kg3 Kf5 72. Kf3 g5 73. Kg3 g4 74. Kg2 Kf4 75. Kf2 g3+ 76. Kg2 Kg4 77. Kg1 Kf3 1/2-1/2

[Event "Lipetsk Region-ch sf"]
[Site "Lipetsk"]
[Date "2009.09.27"]
[Round "3"]
[White "Smolyaninov, Sergej"]
[Black "Koshelev, Alexey"]
[Result "1/2-1/2"]
[WhiteElo "2006"]
[BlackElo "1784"]
[PlyCount "84"]
[EventDate "2009.09.25"]
[EventType "swiss"]
[EventRounds "8"]
[EventCountry "RUS"]
[SourceTitle "EXT 2022"]
[Source "ChessBase"]
[SourceDate "2021.10.06"]
[SourceVersion "1"]
[SourceVersionDate "2021.10.06"]
[SourceQuality "1"]

1. Nf3 Nf6 2. g3 g6 3. Bg2 Bg7 4. 0-0 d6 5. d4 0-0 6. c4 Nbd7 7. Nc3 e5 8. e4 exd4 9. Nxd4 Ne5 10. b3 c6 11. h3 Bd7 12. f4 Qb6 13. fxe5 dxe5 14. Be3 exd4 15. Bxd4 c5 16. Nd5 Nxd5 17. Bxg7 Kxg7 18. exd5 Qd6 19. Qf3 Rae8 20. Rae1 Rxe1 21. Rxe1 Re8 22. Rxe8 Bxe8 23. Qc3+ Qf6 24. Qxf6+ Kxf6 25. Kf2 Ke5 26. Ke3 Bd7 27. h4 Bf5 28. a3 a5 29. Kd2 Kd4 30. d6 Ke5 31. Bxb7 Kxd6 32. Kc3 Bd7 33. b4 axb4+ 34. axb4 cxb4+ 35. Kxb4 f6 36. c5+ Kc7 37. Bf3 g5 38. Kc3 Bc6 39. Bg4 gxh4 40. gxh4 Bd7 41. Bxd7 Kxd7 42. h5 Kc6 1/2-1/2

[Event "Lipetsk-ch"]
[Site "Lipetsk"]
[Date "2008.03.24"]
[Round "5"]
[White "Omelchak, Ivan"]
[Black "Smolyaninov, Sergej"]
[Result "1/2-1/2"]
[WhiteElo "1929"]
[BlackElo "2012"]
[PlyCount "99"]
[EventDate "2008.03.20"]
[EventType "swiss"]
[EventRounds "9"]
[EventCountry "RUS"]
[SourceTitle "EXT 2022"]
[Source "ChessBase"]
[SourceDate "2021.10.06"]
[SourceVersion "1"]
[SourceVersionDate "2021.10.06"]
[SourceQuality "1"]

1. e4 c5 2. Nc3 Nc6 3. f4 e6 4. Nf3 d5 5. Bb5 Nge7 6. 0-0 a6 7. Bxc6+ Nxc6 8. d3 Be7 9. Ne2 Qc7 10. c3 dxe4 11. dxe4 Bd7 12. Be3 Rd8 13. Qe1 Na5 14. b3 Bc6 15. Ng3 0-0 16. Rc1 b5 17. Qf2 Bb7 18. c4 bxc4 19. b4 Nc6 20. bxc5 a5 21. Rfd1 Nb4 22. Ne1 Ba6 23. a3 Rxd1 24. Rxd1 Nd3 25. Nxd3 cxd3 26. e5 f5 27. exf6 Bxf6 28. Ne4 Be7 29. Nd6 Rd8 30. f5 Bxd6 31. cxd6 Rxd6 32. Bf4 e5 33. Bxe5 Qc2 34. Qd2 Qxd2 35. Rxd2 Rd5 36. Bc3 a4 37. g4 h5 38. h3 hxg4 39. hxg4 Kf7 40. Kf2 Rc5 41. Bb4 Re5 42. Kg3 Re4 43. g5 Rc4 44. Rf2 Rc1 45. f6 Rg1+ 46. Kh4 g6 47. Rf4 Bc8 48. Rd4 Be6 49. Bd2 Rg2 50. Bb4 1/2-1/2

[Event "Lipetsk Region-ch"]
[Site "Lipetsk"]
[Date "2007.11.23"]
[Round "7"]
[White "Smolyaninov, Sergej"]
[Black "Torshin, Aleksey"]
[Result "1/2-1/2"]
[WhiteElo "1991"]
[BlackElo "2270"]
[PlyCount "66"]
[EventDate "2007.11.18"]
[EventType "swiss"]
[EventRounds "9"]
[EventCountry "RUS"]
[SourceTitle "CBM 121 Extra"]
[Source "ChessBase"]
[SourceDate "2008.01.10"]
[SourceVersion "1"]
[SourceVersionDate "2008.01.10"]
[SourceQuality "1"]

1. Nf3 Nf6 2. g3 b6 3. Bg2 Bb7 4. 0-0 e6 5. d3 d5 6. Nbd2 Nbd7 7. Re1 a5 8. e4 dxe4 9. dxe4 Nc5 10. e5 Nfe4 11. Nxe4 Qxd1 12. Nf6+ gxf6 13. Rxd1 fxe5 14. Nxe5 Bxg2 15. Kxg2 Bd6 16. Nc4 Ke7 17. Nxd6 cxd6 18. c4 a4 19. Bd2 b5 20. Bc3 Rhb8 21. cxb5 Rxb5 22. Rd4 e5 23. Rb4 Rxb4 24. Bxb4 Nd3 25. Bc3 Rb8 26. Rb1 Ke6 27. Kf3 d5 28. Ke2 Nc5 29. f3 d4 30. Be1 f5 31. Kd2 e4 32. fxe4 fxe4 33. Kc2 Kd5 1/2-1/2

[Event "Lipetsk Region-ch"]
[Site "Lipetsk"]
[Date "2007.11.22"]
[Round "6"]
[White "Kasantsev, Anatolij B"]
[Black "Smolyaninov, Sergej"]
[Result "1/2-1/2"]
[WhiteElo "2105"]
[BlackElo "1991"]
[PlyCount "60"]
[EventDate "2007.11.18"]
[EventType "swiss"]
[EventRounds "9"]
[EventCountry "RUS"]
[SourceTitle "CBM 121 Extra"]
[Source "ChessBase"]
[SourceDate "2008.01.10"]
[SourceVersion "1"]
[SourceVersionDate "2008.01.10"]
[SourceQuality "1"]

1. d4 Nf6 2. c4 e6 3. Nc3 Bb4 4. Qc2 c5 5. dxc5 Na6 6. a3 Bxc3+ 7. Qxc3 Nxc5 8. f3 d5 9. b4 Na4 10. Qb3 Bd7 11. cxd5 Nxd5 12. e4 Qf6 13. Rb1 Ndc3 14. Rb2 Rc8 15. Rc2 Qd4 16. Bd2 0-0 17. Ne2 Nxe2 18. Bxe2 Qa1+ 19. Bd1 Rxc2 20. Qxc2 Bb5 21. Qc1 Qd4 22. Bxa4 Bxa4 23. Qc3 Rd8 24. Qxd4 Rxd4 25. Rf1 f6 26. Be3 Rd3 27. Bxa7 Rxa3 28. Bc5 Kf7 29. Rf2 Rb3 30. Rd2 Bc6 1/2-1/2

[Event "Lipetsk Region-ch"]
[Site "Lipetsk"]
[Date "2007.11.20"]
[Round "4"]
[White "Vorotynzev, Igor"]
[Black "Smolyaninov, Sergej"]
[Result "1/2-1/2"]
[WhiteElo "1915"]
[BlackElo "1991"]
[PlyCount "74"]
[EventDate "2007.11.18"]
[EventType "swiss"]
[EventRounds "9"]
[EventCountry "RUS"]
[SourceTitle "CBM 121 Extra"]
[Source "ChessBase"]
[SourceDate "2008.01.10"]
[SourceVersion "1"]
[SourceVersionDate "2008.01.10"]
[SourceQuality "1"]

1. Nc3 Nf6 2. e4 d5 3. e5 d4 4. exf6 dxc3 5. bxc3 exf6 6. d4 Be7 7. Bd3 c5 8. d5 0-0 9. Ne2 Nd7 10. f4 Qc7 11. c4 b5 12. cxb5 c4 13. Be4 Bd6 14. 0-0 Bb7 15. a4 Rfe8 16. Bf3 Rad8 17. Kh1 Nb6 18. Nc3 Bb4 19. Qd4 Bxc3 20. Qxc3 Nxd5 21. Qb2 Ne3 22. Bxe3 Rxe3 23. Bxb7 Qxb7 24. Rad1 Rde8 25. Qd4 Re2 26. Qd5 Qxd5 27. Rxd5 Rxc2 28. Rd7 Ra8 29. Rfd1 Kf8 30. Rc7 c3 31. Kg1 Ke8 32. Rdd7 Rd2 33. Rxf7 c2 34. Rxg7 Kf8 35. Rxh7 Kg8 36. Rhg7+ Kf8 37. Rh7 Kg8 1/2-1/2